| 000 | 00895cam a2200229 a 4500 | ||
|---|---|---|---|
| 082 | 0 | 0 |
_a624.171 _bBAN _cN-01, P-89 |
| 100 |
_aBanthia, N. _942696 |
||
| 245 | 0 | 0 |
_aStructural applications of fiber reinforced concrete / _ceditors, N. Banthia, C. MacDonald, P. Tatnall. |
| 260 |
_aFarmington Hills, Michigan : _bACI International, _cc1999. |
||
| 300 |
_avi, 257 p. : _bill. ; _c23 cm. |
||
| 500 | _aBased on "Two sessions held in 1997 during the ACI spring convention in Seattle, Washington ..."--Preface. | ||
| 526 |
_a0 _b0 _c0 _d624_171000000000000_BAN |
||
| 650 | 0 |
_aCement composites _91038 |
|
| 650 | 0 |
_aFiber-reinforced concrete _942697 |
|
| 650 | 0 |
_aMCE _9379 |
|
| 650 | 0 | _aReinforced concrete construction | |
| 700 | 1 |
_aBanthia, Nemkumar. _942698 |
|
| 700 | 1 |
_aMacDonald, C. _942699 |
|
| 700 | 1 |
_aTatnall, P. _942700 |
|
| 710 | 2 |
_aAmerican Concrete Institute. _937057 |
|
| 942 |
_2ddc _cBK |
||
| 999 |
_c546543 _d546543 |
||